[Event "Speed Chess (Women) Play In 4"]
[Site "Chess.com INT"]
[Date "2024.08.16"]
[Round "6"]
[White "Bristy, Mukherjee"]
[Black "Ambartsumova, Karina"]
[Result "1-0"]
[WhiteElo "1945"]
[BlackElo "2404"]
[PlyCount "79"]
[EventDate "2024.08.16"]
[EventType "swiss (blitz)"]
[EventRounds "11"]
[EventCountry "USA"]
[SourceTitle "CBM 221 Extra"]
[Source "ChessBase"]
[SourceDate "2024.09.30"]
[SourceVersion "1"]
[SourceVersionDate "2024.09.30"]
[SourceQuality "1"]

1. d4 Nf6 2. Bg5 c5 3. d5 d6 4. Nc3 g6 5. e4 Bg7 6. f4 0-0 7. Nf3 a6 8. a4 Re8 9. Be2 Bg4 10. 0-0 Bxf3 11. Bxf3 h6 12. Bh4 Nbd7 13. Re1 Nh7 14. Qd2 Qa5 15. Rad1 b5 16. Bg4 Ndf6 17. Bf3 b4 18. Nb1 Qxa4 19. e5 Nd7 20. e6 Ndf6 21. exf7+ Kxf7 22. g4 Qd7 23. g5 Ng8 24. Qe2 h5 25. Bxh5 gxh5 26. Qxh5+ Kf8 27. Re6 Qa4 28. Qxh7 b3 29. Qf5+ Nf6 30. gxf6 exf6 31. c3 Rxe6 32. dxe6 Qe8 33. Bxf6 Kg8 34. Qg5 Qf8 35. Bxg7 Qxg7 36. h4 a5 37. f5 a4 38. f6 Qxg5+ 39. hxg5 Ra5 40. Re1 1-0

[Event "Speed Chess (Women) Play In 2"]
[Site "Chess.com INT"]
[Date "2024.08.14"]
[Round "9"]
[White "Bristy, Mukherjee"]
[Black "Narva, Mai"]
[Result "1/2-1/2"]
[WhiteElo "1945"]
[BlackElo "2421"]
[PlyCount "91"]
[EventDate "2024.08.14"]
[EventType "swiss (blitz)"]
[EventRounds "11"]
[EventCountry "USA"]
[SourceTitle "CBM 221 Extra"]
[Source "ChessBase"]
[SourceDate "2024.09.30"]
[SourceVersion "1"]
[SourceVersionDate "2024.09.30"]
[SourceQuality "1"]

1. d4 g6 2. c3 Bg7 3. Nf3 c5 4. dxc5 Nc6 5. e4 Nf6 6. Bd3 0-0 7. 0-0 b6 8. cxb6 Qxb6 9. Na3 Ba6 10. Bxa6 Qxa6 11. e5 Ng4 12. Qxd7 Ncxe5 13. Nxe5 Nxe5 14. Qb5 Qxb5 15. Nxb5 Rab8 16. a4 a6 17. Na3 Nd3 18. Rb1 Rfc8 19. Rd1 Nxc1 20. Rdxc1 Rb3 21. g3 e6 22. Nc2 Rcb8 23. Nb4 Rb6 24. a5 Rb5 25. Ra1 Rxb2 26. Nxa6 Rf5 27. f4 Rd5 28. Rd1 Rxd1+ 29. Rxd1 Bxc3 30. Ra1 Bd4+ 31. Kh1 Rb5 32. Ra4 Bc3 33. Rc4 Bxa5 34. Kg2 Kg7 35. Nc5 Bb6 36. Ne4 Rb2+ 37. Kh1 h6 38. Rc6 h5 39. h3 Rb3 40. Kg2 Rb4 41. Kf3 Rb3+ 42. Kg2 Bd4 43. Rc7 Rb2+ 44. Kf3 Rb3+ 45. Kg2 Bb6 46. Rc6 1/2-1/2

[Event "Speed Chess (Women) Play In 2"]
[Site "Chess.com INT"]
[Date "2024.08.14"]
[Round "8"]
[White "Bristy, Mukherjee"]
[Black "Pogorelskikh, Sofia"]
[Result "1-0"]
[WhiteElo "1945"]
[BlackElo "2176"]
[PlyCount "71"]
[EventDate "2024.08.14"]
[EventType "swiss (blitz)"]
[EventRounds "11"]
[EventCountry "USA"]
[SourceTitle "CBM 221 Extra"]
[Source "ChessBase"]
[SourceDate "2024.09.30"]
[SourceVersion "1"]
[SourceVersionDate "2024.09.30"]
[SourceQuality "1"]

1. d4 Nf6 2. Bg5 Ne4 3. Bf4 d5 4. e3 e6 5. f3 Nf6 6. Bg5 Be7 7. Nd2 Nbd7 8. f4 b6 9. Bd3 Bb7 10. Ngf3 h6 11. Bxf6 Nxf6 12. Ne5 0-0 13. Qf3 c5 14. c3 Nd7 15. 0-0 cxd4 16. exd4 Nxe5 17. fxe5 Bg5 18. Rad1 a5 19. Qg4 Ba6 20. Nf3 Bxd3 21. Rxd3 b5 22. Nxg5 Qxg5 23. Qxg5 hxg5 24. Rg3 b4 25. Rxg5 Rfc8 26. Rf3 bxc3 27. bxc3 Rab8 28. h4 Kf8 29. h5 Rb2 30. Rfg3 Rxa2 31. Rxg7 Ke7 32. Rf3 Rf8 33. h6 Ke8 34. h7 Ra1+ 35. Kh2 a4 36. Rg8 1-0

[Event "Speed Chess (Women) Play In 2"]
[Site "Chess.com INT"]
[Date "2024.08.14"]
[Round "11"]
[White "Bristy, Mukherjee"]
[Black "Rodriguez Rivero, Jinela de Cari"]
[Result "1-0"]
[WhiteElo "1945"]
[BlackElo "2141"]
[PlyCount "89"]
[EventDate "2024.08.14"]
[EventType "swiss (blitz)"]
[EventRounds "11"]
[EventCountry "USA"]
[SourceTitle "CBM 221 Extra"]
[Source "ChessBase"]
[SourceDate "2024.09.30"]
[SourceVersion "1"]
[SourceVersionDate "2024.09.30"]
[SourceQuality "1"]

1. d4 d5 2. Bg5 f6 3. Bh4 Nh6 4. e3 Nf5 5. Bg3 h5 6. h3 Nxg3 7. fxg3 Qd6 8. Kf2 Nc6 9. Be2 g6 10. Bd3 f5 11. Nf3 Be6 12. c3 0-0-0 13. Nbd2 Bh6 14. Nb3 Bf7 15. Nc5 e5 16. Qb3 Na5 17. Qa4 Qb6 18. b4 Nc4 19. Bxc4 exd4 20. Bd3 Bxe3+ 21. Ke2 Rhe8 22. Kd1 dxc3 23. Re1 Bxc5 24. bxc5 Rxe1+ 25. Kxe1 Qxc5 26. Qd4 Re8+ 27. Kf1 Qa3 28. Qf6 Be6 29. Qxg6 Bd7 30. Bxf5 Rd8 31. Ne5 Bxf5 32. Qxf5+ Kb8 33. Nd7+ Ka8 34. Qf6 Rc8 35. Re1 Qxa2 36. Qxc3 Qa6+ 37. Kg1 Qd6 38. Ne5 d4 39. Qc4 c5 40. Nd3 Kb8 41. Re5 b6 42. Kh2 Qg6 43. Qd5 Qxd3 44. Re7 Qg6 45. Qb7# 1-0

[Event "Speed Chess (Women) Play In 2"]
[Site "Chess.com INT"]
[Date "2024.08.14"]
[Round "1"]
[White "Zhu, Jiner"]
[Black "Bristy, Mukherjee"]
[Result "1/2-1/2"]
[WhiteElo "2479"]
[BlackElo "1945"]
[PlyCount "127"]
[EventDate "2024.08.14"]
[EventType "swiss (blitz)"]
[EventRounds "11"]
[EventCountry "USA"]
[SourceTitle "CBM 221 Extra"]
[Source "ChessBase"]
[SourceDate "2024.09.30"]
[SourceVersion "1"]
[SourceVersionDate "2024.09.30"]
[SourceQuality "1"]

1. Nf3 d5 2. e3 Nc6 3. d4 Nf6 4. c4 Bg4 5. Nc3 e6 6. h3 Bxf3 7. Qxf3 Bb4 8. Bd2 Bxc3 9. Bxc3 Ne4 10. cxd5 Qxd5 11. Be2 Nxc3 12. bxc3 Rb8 13. e4 Qa5 14. 0-0 0-0 15. a4 e5 16. Rfd1 Rbd8 17. d5 Nb8 18. Rdb1 b6 19. Rb5 Qa6 20. c4 Nd7 21. c5 bxc5 22. Rxc5 Qb6 23. Rc6 Qd4 24. Rac1 Qxa4 25. Rxc7 Nf6 26. R7c4 Qd7 27. Qg3 Rfe8 28. Qa3 Rc8 29. Bd3 h6 30. Kh2 Rxc4 31. Rxc4 Rc8 32. Rxc8+ Qxc8 33. Qxa7 Qc3 34. Qe3 Kf8 35. Qe2 Ke7 36. g3 Kd6 37. Bc2 Nd7 38. Qa6+ Ke7 39. Ba4 Qd4 40. Kg1 Qxe4 41. Qa7 Qxd5 42. Kh2 Qd4 43. Qxd4 exd4 44. Kg2 Nc5 45. Bb5 Kd6 46. Bc4 f5 47. Kf3 Ke5 48. Ke2 g5 49. Bg8 f4 50. gxf4+ Kxf4 51. Bd5 Ke5 52. Bf7 Ne6 53. Kf3 Nf4 54. Kg3 d3 55. Bb3 Kd4 56. h4 Ke5 57. hxg5 hxg5 58. Kg4 Kf6 59. Bd1 Nd5 60. Bb3 Nc3 61. f4 gxf4 62. Kxf4 d2 63. Ke3 d1Q 64. Bxd1 1/2-1/2

[Event "Titled Tuesday intern op 13th Aug Early"]
[Site "Chess.com INT"]
[Date "2024.08.13"]
[Round "10"]
[White "Hungaski, Robert Andrew"]
[Black "Bristy, Mukherjee"]
[Result "0-1"]
[WhiteElo "2471"]
[BlackElo "1945"]
[PlyCount "108"]
[EventDate "2024.08.13"]
[EventType "swiss (blitz)"]
[EventRounds "11"]
[EventCountry "USA"]
[SourceTitle "EXT 2025"]
[Source "ChessBase"]
[SourceDate "2024.10.14"]
[SourceVersion "1"]
[SourceVersionDate "2024.10.14"]
[SourceQuality "1"]

1. b3 e5 2. Bb2 d6 3. e3 Nc6 4. c4 a5 5. a3 f5 6. d4 Be7 7. Nf3 Bf6 8. Be2 Nge7 9. Nc3 0-0 10. h4 f4 11. dxe5 dxe5 12. Qxd8 Rxd8 13. Ne4 Bf5 14. Nfd2 Bxe4 15. Nxe4 fxe3 16. fxe3 Nf5 17. Nxf6+ gxf6 18. Rh3 Kf7 19. g4 Nd6 20. 0-0-0 Ne4 21. Rf3 Nc5 22. Kc2 Rxd1 23. Bxd1 Rd8 24. Be2 Ne4 25. Bd3 Nc5 26. Bxh7 Rh8 27. Bf5 Rxh4 28. Rf2 Ke7 29. Bc3 Rh3 30. b4 axb4 31. axb4 Ne6 32. Re2 Ng5 33. b5 Nd8 34. Bb4+ Ke8 35. Bg6+ Kd7 36. Rd2+ Kc8 37. Be7 Nde6 38. Bf5 Kb8 39. Bxf6 Rxe3 40. c5 Ne4 41. Bxe6 Nxf6 42. Rd8+ Ka7 43. g5 Ne4 44. g6 Rg3 45. b6+ cxb6 46. cxb6+ Kxb6 47. Bf5 Nc5 48. Rd6+ Kb5 49. Rf6 Kc4 50. Rf7 Rg2+ 51. Kd1 e4 52. g7 Kd3 53. Ke1 Ke3 54. Kf1 Rg5 0-1

[Event "Titled Tuesday intern op 13th Aug Early"]
[Site "Chess.com INT"]
[Date "2024.08.13"]
[Round "3"]
[White "Oleksienko, Mikhailo"]
[Black "Bristy, Mukherjee"]
[Result "1-0"]
[WhiteElo "2572"]
[BlackElo "1945"]
[PlyCount "113"]
[EventDate "2024.08.13"]
[EventType "swiss (blitz)"]
[EventRounds "11"]
[EventCountry "USA"]
[SourceTitle "EXT 2025"]
[Source "ChessBase"]
[SourceDate "2024.10.14"]
[SourceVersion "1"]
[SourceVersionDate "2024.10.14"]
[SourceQuality "1"]

1. e4 g6 2. d4 Bg7 3. f4 d5 4. e5 h5 5. Nf3 Nh6 6. Bd3 c5 7. c3 cxd4 8. cxd4 Nc6 9. 0-0 Bg4 10. Be3 Nf5 11. Bxf5 Bxf5 12. Nc3 e6 13. Rc1 a6 14. h3 Qa5 15. Bf2 0-0-0 16. Bh4 Rd7 17. a3 Kb8 18. b4 Qxa3 19. b5 Na5 20. bxa6 bxa6 21. Na4 Nb3 22. Rc3 Rb7 23. Nc5 Rc8 24. Rxb3 Rxb3 25. Qxb3+ Qxb3 26. Nxb3 Bf8 27. Ra1 Kb7 28. Ng5 Bc2 29. Na5+ Kb6 30. Nxf7 Bb4 31. Bd8+ Kb5 32. Nb7 Ra8 33. Nfd6+ Bxd6 34. Nxd6+ Kb4 35. Ba5+ Kb3 36. Nb7 Kc4 37. Nc5 Kxd4 38. Nxe6+ Ke4 39. Re1+ Kf5 40. Ng7+ Kxf4 41. e6 Ba4 42. e7 d4 43. Bc7+ Kg5 44. Ne6+ Kf6 45. Nxd4 Re8 46. Bd8 Bd7 47. Ra1 Ke5 48. Rxa6 Kxd4 49. Rd6+ Ke5 50. Rxd7 Ke6 51. Ra7 Rg8 52. Ra1 Kf7 53. Rf1+ Ke8 54. Kh2 Kd7 55. Kg3 g5 56. Rf8 h4+ 57. Kg4 1-0

[Event "Titled Tuesday intern op 13th Aug Early"]
[Site "Chess.com INT"]
[Date "2024.08.13"]
[Round "9"]
[White "Voicu, Teodor Mihnea"]
[Black "Bristy, Mukherjee"]
[Result "1/2-1/2"]
[WhiteElo "2145"]
[BlackElo "1945"]
[PlyCount "81"]
[EventDate "2024.08.13"]
[EventType "swiss (blitz)"]
[EventRounds "11"]
[EventCountry "USA"]
[SourceTitle "EXT 2025"]
[Source "ChessBase"]
[SourceDate "2024.10.14"]
[SourceVersion "1"]
[SourceVersionDate "2024.10.14"]
[SourceQuality "1"]

1. d4 g6 2. c4 Bg7 3. Nf3 d6 4. Nc3 Nf6 5. e4 0-0 6. Be2 e5 7. 0-0 Nc6 8. Be3 exd4 9. Nxd4 Nxd4 10. Bxd4 Re8 11. f3 Nd7 12. Bxg7 Kxg7 13. Qd4+ Qf6 14. Qxf6+ Nxf6 15. Nd5 Nxd5 16. cxd5 c5 17. dxc6 bxc6 18. Rac1 Bb7 19. Rfd1 Red8 20. Rd2 Rab8 21. b4 Kf6 22. a3 Ke7 23. Bc4 Bc8 24. Kf2 Be6 25. Ke3 Bxc4 26. Rxc4 Kd7 27. f4 f6 28. g4 h6 29. h4 Kc7 30. Rdc2 Rb6 31. Kf3 d5 32. Rd4 dxe4+ 33. Kxe4 Rxd4+ 34. Kxd4 Rb5 35. Rc5 Kd6 36. f5 gxf5 37. gxf5 h5 38. Rxb5 cxb5 39. Ke4 Kc6 40. Kd4 Kd6 41. Ke4 1/2-1/2

[Event "Speed Chess (Women) Play In 1"]
[Site "Chess.com INT"]
[Date "2024.08.12"]
[Round "10"]
[White "Bristy, Mukherjee"]
[Black "Krush, Irina"]
[Result "0-1"]
[WhiteElo "1945"]
[BlackElo "2405"]
[PlyCount "102"]
[EventDate "2024.08.12"]
[EventType "swiss (blitz)"]
[EventRounds "11"]
[EventCountry "USA"]
[SourceTitle "CBM 221 Extra"]
[Source "ChessBase"]
[SourceDate "2024.09.30"]
[SourceVersion "1"]
[SourceVersionDate "2024.09.30"]
[SourceQuality "1"]

1. d4 Nf6 2. Bg5 d5 3. e3 Ne4 4. Bf4 c5 5. Bd3 Qb6 6. Qc1 cxd4 7. exd4 Qxd4 8. Be3 Qb4+ 9. c3 Qd6 10. Nf3 Nc6 11. 0-0 g6 12. Rd1 Nc5 13. Bc4 e6 14. Na3 a6 15. Be2 Qe7 16. c4 d4 17. Nxd4 Nxd4 18. Bxd4 e5 19. Be3 Bg7 20. b4 Ne6 21. c5 0-0 22. Nc4 Nd4 23. Bf1 Bg4 24. f3 Nxf3+ 25. gxf3 Bxf3 26. Rd2 Qh4 27. Qe1 Qg4+ 28. Qg3 Qe4 29. Nd6 Qxe3+ 30. Qf2 Qxf2+ 31. Kxf2 e4 32. Rb1 Rad8 33. Bc4 Rd7 34. Bd5 Rfd8 35. Rc2 Bd4+ 36. Ke1 Rxd6 37. cxd6 Rxd6 38. Bxb7 f5 39. b5 axb5 40. Rxb5 Bf6 41. Rd5 Bh4+ 42. Kf1 Rb6 43. Rc8+ Kg7 44. Rd7+ Kh6 45. Rc1 Rb2 46. Rdc7 Rf2+ 47. Kg1 Rg2+ 48. Kf1 Rxh2 49. Rxh7+ Kxh7 50. Rc7+ Kh6 51. Rh7+ Kxh7 0-1

[Event "Wch U20 Girls 40th"]
[Site "Gandhinagar"]
[Date "2024.06.13"]
[Round "11"]
[White "Bristy, Mukherjee"]
[Black "Zhurova, Anna"]
[Result "1/2-1/2"]
[WhiteElo "1902"]
[BlackElo "2239"]
[PlyCount "100"]
[EventDate "2024.06.02"]
[EventType "swiss"]
[EventRounds "11"]
[EventCountry "IND"]
[SourceTitle "CBM 220 Extra"]
[Source "ChessBase"]
[SourceDate "2024.07.31"]
[SourceVersion "1"]
[SourceVersionDate "2024.07.31"]
[SourceQuality "1"]

1. c4 e6 2. Nc3 d5 3. cxd5 exd5 4. d4 Nf6 5. Nf3 Bb4 6. Qa4+ Nc6 7. Ne5 Rb8 8. Nxc6 bxc6 9. Bg5 Bd7 10. Qc2 h6 11. Bh4 0-0 12. e3 g5 13. Bg3 Ne4 14. Bd3 Nxg3 15. hxg3 Kg7 16. a3 Bd6 17. b4 f5 18. f4 Qe7 19. Kf2 a5 20. bxa5 Bxa3 21. Rab1 Rbe8 22. Rbe1 Qd6 23. fxg5 hxg5 24. Rh5 Qe7 25. Nd1 Rh8 26. Reh1 Rxh5 27. Rxh5 c5 28. Bxf5 Bxf5 29. Qxf5 Rf8 30. Rh7+ Kg8 31. Rxe7 Rxf5+ 32. Ke2 cxd4 33. Rxc7 Rf6 34. Rd7 dxe3 35. Rxd5 Re6 36. Rxg5+ Kf7 37. Rb5 Bc1 38. Rb7+ Kg8 39. Rb8+ Kg7 40. Rb7+ Kg8 41. Rb1 Ba3 42. Rb6 Re8 43. Rc6 Kf7 44. a6 Re5 45. Nc3 Bc5 46. Nb5 Rd5 47. Rxc5 Rxc5 48. a7 Rc2+ 49. Kxe3 Ra2 50. Ke4 Kg6 1/2-1/2

[Event "Wch U20 Girls 40th"]
[Site "Gandhinagar"]
[Date "2024.06.05"]
[Round "4"]
[White "Laksshana, Deepak"]
[Black "Bristy, Mukherjee"]
[Result "0-1"]
[WhiteElo "1727"]
[BlackElo "1902"]
[PlyCount "48"]
[EventDate "2024.06.02"]
[EventType "swiss"]
[EventRounds "11"]
[EventCountry "IND"]
[SourceTitle "CBM 220 Extra"]
[Source "ChessBase"]
[SourceDate "2024.07.31"]
[SourceVersion "1"]
[SourceVersionDate "2024.07.31"]
[SourceQuality "1"]

1. d4 d5 2. Nf3 Nf6 3. b3 Bg4 4. Bb2 Nbd7 5. Nbd2 e6 6. e3 Ne4 7. Nxe4 dxe4 8. h3 Bh5 9. g4 Bg6 10. Nd2 h5 11. Be2 hxg4 12. Bxg4 Nf6 13. Be2 Nd5 14. c4 Nxe3 15. fxe3 Qh4+ 16. Kf1 Bf5 17. Nb1 Bxh3+ 18. Rxh3 Qxh3+ 19. Kf2 Qh4+ 20. Kg2 Qh2+ 21. Kf1 Qh1+ 22. Kf2 Rh2+ 23. Kg3 Bd6+ 24. Kg4 Qg2# 0-1

[Event "Wch U20 Girls 40th"]
[Site "Gandhinagar"]
[Date "2024.06.03"]
[Round "2"]
[White "Allahverdiyeva, Ayan"]
[Black "Bristy, Mukherjee"]
[Result "1-0"]
[WhiteElo "2133"]
[BlackElo "1902"]
[PlyCount "55"]
[EventDate "2024.06.02"]
[EventType "swiss"]
[EventRounds "11"]
[EventCountry "IND"]
[SourceTitle "CBM 220 Extra"]
[Source "ChessBase"]
[SourceDate "2024.07.31"]
[SourceVersion "1"]
[SourceVersionDate "2024.07.31"]
[SourceQuality "1"]

1. e4 e6 2. d4 d5 3. e5 c5 4. c3 Nc6 5. Nf3 Qb6 6. a3 c4 7. Nbd2 Na5 8. h4 Bd7 9. Rb1 h6 10. b3 cxb3 11. Nxb3 Ba4 12. Nfd2 Rc8 13. Qc2 Qc7 14. Rh3 Ne7 15. Qa2 Nec6 16. h5 f6 17. exf6 gxf6 18. Re3 Kf7 19. Bd3 Bd6 20. Bg6+ Kg7 21. Nxa5 Nxa5 22. Rxe6 Bd7 23. Re3 Bf4 24. Re7+ Kf8 25. Qxd5 Kxe7 26. Qf7+ Kd6 27. Ne4+ Kc6 28. d5# 1-0

[Event "IND-ch U19 Girls"]
[Site "Ahmedabad"]
[Date "2023.09.24"]
[Round "7"]
[White "Marium, Fatima"]
[Black "Bristy, Mukherjee"]
[Result "1/2-1/2"]
[WhiteElo "1715"]
[BlackElo "1858"]
[PlyCount "84"]
[EventDate "2023.09.20"]
[EventType "swiss"]
[EventRounds "11"]
[EventCountry "IND"]
[SourceTitle "CBM 216 Extra"]
[Source "ChessBase"]
[SourceDate "2023.11.30"]
[SourceVersion "1"]
[SourceVersionDate "2023.11.30"]
[SourceQuality "1"]

1. d4 d5 2. Nf3 Nf6 3. g3 Bf5 4. Bg2 e6 5. 0-0 Be7 6. c4 c6 7. Nc3 h6 8. Qb3 Qb6 9. c5 Qxb3 10. axb3 Nbd7 11. Bf4 a6 12. h4 Nh7 13. b4 Rc8 14. Rfe1 g5 15. Bd2 gxh4 16. Nxh4 Bxh4 17. gxh4 Rg8 18. Kf1 Rg4 19. e4 dxe4 20. Bxe4 Kd8 21. Bxh6 Rxh4 22. Bd2 Bh3+ 23. Ke2 f5 24. Bf3 Bg4 25. Rh1 Bxf3+ 26. Kxf3 Rxh1 27. Rxh1 Ndf6 28. Na4 Ke7 29. Nb6 Rh8 30. Ke2 Rd8 31. Be3 f4 32. Bxf4 Rxd4 33. Bd2 Nf8 34. Bc3 Rd8 35. Rg1 Nh5 36. Ke3 Nh7 37. Nc4 N7f6 38. Bxf6+ Kxf6 39. Nd6 Ng7 40. Ne4+ Kf7 41. Nd6+ Kf6 42. Ne4+ Ke5 1/2-1/2

[Event "Asia-ch Blitz U20 Girls"]
[Site "Jamshedpur"]
[Date "2023.09.15"]
[Round "7"]
[White "Bhagyashree, Patil"]
[Black "Bristy, Mukherjee"]
[Result "0-1"]
[WhiteElo "1905"]
[BlackElo "1715"]
[PlyCount "102"]
[EventDate "2023.09.15"]
[EventType "swiss (blitz)"]
[EventRounds "9"]
[EventCountry "IND"]
[SourceTitle "CBM 216 Extra"]
[Source "ChessBase"]
[SourceDate "2023.11.30"]
[SourceVersion "1"]
[SourceVersionDate "2023.11.30"]
[SourceQuality "1"]

1. d4 f5 2. c4 Nf6 3. Nc3 e6 4. e3 Bb4 5. Bd3 b6 6. Nf3 Bb7 7. Qc2 0-0 8. a3 Bxc3+ 9. bxc3 d6 10. a4 Ne4 11. a5 Nd7 12. Nd2 Nxd2 13. Qxd2 Bxg2 14. Rg1 Be4 15. Be2 Qh4 16. Ba3 Qxh2 17. 0-0-0 Qxf2 18. Rdf1 Qh4 19. Rf4 Qh2 20. Qe1 Rf6 21. Rh4 Qxg1 22. Qxg1 Rg6 23. Qf1 c5 24. Qh3 Nf6 25. Bd1 Rc8 26. Qh2 Rd8 27. Qb2 Nd7 28. Qh2 Nf8 29. Qb2 Rg1 30. Rh2 Nd7 31. Rd2 bxa5 32. dxc5 Rb8 33. Rxd6 Rxb2 34. Kxb2 Ne5 35. Ba4 Nxc4+ 36. Kb3 Nxd6 37. cxd6 Rb1+ 38. Kc4 Rb8 39. d7 Bd5+ 40. Kc5 Kf7 41. Kd6 h5 42. Kc7 Rh8 43. Bd6 g5 44. d8Q Rxd8 45. Kxd8 h4 46. Be8+ Kg7 47. Ke7 g4 48. Bf4 g3 49. Bg5 g2 50. Bf6+ Kh6 51. Kf8 g1Q 0-1

[Event "Asia-ch Blitz U20 Girls"]
[Site "Jamshedpur"]
[Date "2023.09.15"]
[Round "1"]
[White "Bristy, Mukherjee"]
[Black "Sherali, Pattnaik"]
[Result "1-0"]
[WhiteElo "1715"]
[BlackElo "1349"]
[PlyCount "173"]
[EventDate "2023.09.15"]
[EventType "swiss (blitz)"]
[EventRounds "9"]
[EventCountry "IND"]
[SourceTitle "CBM 216 Extra"]
[Source "ChessBase"]
[SourceDate "2023.11.30"]
[SourceVersion "1"]
[SourceVersionDate "2023.11.30"]
[SourceQuality "1"]

1. b3 d5 2. Bb2 c5 3. f4 Nc6 4. Nf3 b6 5. e3 Bb7 6. Bb5 e6 7. Ne5 Nge7 8. d4 a6 9. Be2 Nf5 10. Kf2 Be7 11. g3 Qc7 12. Nxc6 Bxc6 13. Nd2 0-0 14. Nf3 f6 15. Re1 Bd6 16. Bd3 Ne7 17. c4 dxc4 18. bxc4 f5 19. Ne5 Bb7 20. Be2 Rad8 21. Qb3 cxd4 22. exd4 Nc6 23. Nxc6 Qxc6 24. Bf3 Qxf3+ 25. Qxf3 Bxf3 26. Kxf3 Kf7 27. Rac1 Rc8 28. Ke3 Rfd8 29. Kd3 Bb4 30. Re2 b5 31. Rec2 bxc4+ 32. Rxc4 Rxc4 33. Rxc4 a5 34. Rc7+ Kg6 35. Kc4 Rb8 36. Rc6 Kf7 37. Bc1 Be7 38. Rc7 Kf8 39. Kc3 Bf6 40. Ba3+ Ke8 41. Bc5 Rb1 42. Ra7 Rc1+ 43. Kb3 Rb1+ 44. Kc4 Rc1+ 45. Kb5 Rh1 46. Rxa5 Rxh2 47. a4 Kd7 48. Ra7+ Kc8 49. Kc6 Kb8 50. Rf7 Kc8 51. a5 Ra2 52. Rf8+ Bd8 53. Bb6 Rc2+ 54. Kd6 Kb7 55. Rxd8 Rc6+ 56. Ke5 Ka6 57. Rd7 g6 58. Rxh7 Rc3 59. Bc5 Rxg3 60. Ra7+ Kb5 61. Kxe6 Re3+ 62. Kf6 Re4 63. Kg5 Re1 64. Kxg6 Rf1 65. Kxf5 Rc1 66. Ke6 Re1+ 67. Kd5 Rf1 68. Rf7 Kxa5 69. f5 Kb5 70. f6 Rf5+ 71. Ke4 Rf1 72. Rf8 Re1+ 73. Kd5 Rf1 74. f7 Rf5+ 75. Ke6 Rf1 76. Rb8+ Kc6 77. Rc8+ Kb5 78. f8Q Rxf8 79. Rxf8 Kc4 80. d5 Kxc5 81. d6 Kc6 82. d7 Kc7 83. d8Q+ Kc6 84. Qd7+ Kc5 85. Rc8+ Kb4 86. Qb7+ Ka3 87. Ra8# 1-0

[Event "Asia-ch U20 Girls"]
[Site "Jamshedpur"]
[Date "2023.09.10"]
[Round "2"]
[White "Keerti, Shree Reddy"]
[Black "Bristy, Mukherjee"]
[Result "1/2-1/2"]
[WhiteElo "1580"]
[BlackElo "1858"]
[PlyCount "120"]
[EventDate "2023.09.09"]
[EventType "swiss"]
[EventRounds "9"]
[EventCountry "IND"]
[SourceTitle "CBM 216 Extra"]
[Source "ChessBase"]
[SourceDate "2023.11.30"]
[SourceVersion "1"]
[SourceVersionDate "2023.11.30"]
[SourceQuality "1"]

1. e4 c5 2. Nf3 d6 3. d4 cxd4 4. Nxd4 Nf6 5. Nc3 a6 6. Be2 e5 7. Nb3 Be7 8. 0-0 0-0 9. Kh1 Nc6 10. f4 Re8 11. fxe5 Nxe5 12. h3 b5 13. Bg5 Nxe4 14. Nxe4 Bxg5 15. Nxd6 Re6 16. Nxc8 Rxc8 17. c3 Rd6 18. Qc2 g6 19. Rad1 Be3 20. Qe4 Rxd1 21. Rxd1 Qg5 22. Nd4 Qg3 23. Rf1 Rd8 24. Bd1 Bxd4 25. cxd4 Qd3 26. Qxd3 Nxd3 27. Bb3 Rxd4 28. Rxf7 Nc5 29. Rf3+ Kg7 30. Rc3 Nxb3 31. Rxb3 b4 32. a3 a5 33. Kh2 Kf6 34. Kg3 Ke5 35. axb4 axb4 36. Re3+ Kd6 37. Re8 Kc5 38. Re7 Rd3+ 39. Kh4 h6 40. Rc7+ Kb5 41. Rh7 g5+ 42. Kg4 Rd6 43. Kh5 Rd2 44. g4 Rh2 45. Rxh6 Rxb2 46. Kxg5 Rh2 47. h4 b3 48. Rh8 b2 49. Rb8+ Kc4 50. h5 Rd2 51. Rxb2 Rxb2 52. h6 Rb5+ 53. Kg6 Rb6+ 54. Kh5 Kd5 55. g5 Ke6 56. h7 Rb1 57. Kg6 Rh1 58. Kg7 Kf5 59. h8Q Rxh8 60. Kxh8 Kxg5 1/2-1/2

[Event "Asia-ch Rapid U20 Girls"]
[Site "Jamshedpur"]
[Date "2023.09.08"]
[Round "8"]
[White "Bristy, Mukherjee"]
[Black "Bhagyashree, Patil"]
[Result "0-1"]
[WhiteElo "1695"]
[BlackElo "1858"]
[PlyCount "136"]
[EventDate "2023.09.08"]
[EventType "swiss (rapid)"]
[EventRounds "9"]
[EventCountry "IND"]
[SourceTitle "CBM 216 Extra"]
[Source "ChessBase"]
[SourceDate "2023.11.30"]
[SourceVersion "1"]
[SourceVersionDate "2023.11.30"]
[SourceQuality "1"]

1. d4 d5 2. c3 Nf6 3. Bg5 Nbd7 4. Nd2 g6 5. e3 Bg7 6. f4 b6 7. Bd3 Bb7 8. Qc2 c5 9. Ngf3 Qc7 10. Ne5 c4 11. Be2 b5 12. 0-0 0-0 13. Bf3 a5 14. h4 Ra6 15. h5 Re8 16. hxg6 hxg6 17. Rae1 Nf8 18. f5 N6h7 19. Nxf7 gxf5 20. Bf4 Qc8 21. Bh5 Nf6 22. Qd1 Nxh5 23. Qxh5 Nh7 24. Be5 Rf8 25. Bxg7 Rxf7 26. Be5 Qe6 27. Rf3 Bc8 28. Rg3+ Kf8 29. Nf3 Qh6 30. Rh3 Qxh5 31. Rxh5 Kg8 32. Ng5 Nf6 33. Nxf7 Nxh5 34. Ng5 Nf6 35. Kf2 Ng4+ 36. Kg3 Rh6 37. Bf4 Rg6 38. Rh1 Bd7 39. Kf3 b4 40. Ke2 bxc3 41. bxc3 Rb6 42. Kf3 Rb2 43. a3 Rb3 44. Nh3 Rxc3 45. Rb1 Rb3 46. Ra1 Rb2 47. Bg3 Ba4 48. Be1 Bc2 49. Nf4 Be4+ 50. Kg3 a4 51. Bc3 Rb3 52. Ne2 Nxe3 53. Kf4 Ng4 54. Rh1 Bd3 55. Rh5 Bxe2 56. Rg5+ Kf7 57. Rxf5+ Nf6 58. Bb4 c3 59. Ke3 c2+ 60. Kd2 Bd3 61. Re5 Ne4+ 62. Rxe4 dxe4 63. d5 Rxb4 64. axb4 a3 65. d6 exd6 66. b5 a2 67. b6 a1Q 68. b7 c1Q# 0-1